SANTA MESSA E DEDICAZIONE DELL'ALTARE DEL DUOMO DI MILANO (Record n. 107531)
[ formato base ]
| 000 -LEADER | |
|---|---|
| fixed length control field | 01437agaaa2200277 4500 |
| 001 - CONTROL NUMBER | |
| control field | 1717 |
| 003 - CONTROL NUMBER IDENTIFIER | |
| control field | IT-RoPAU |
| 005 - DATE AND TIME OF LATEST TRANSACTION | |
| control field | 20220918181259.0 |
| 007 - PHYSICAL DESCRIPTION FIXED FIELD--GENERAL INFORMATION | |
| fixed length control field | d cvaizq |
| 008 - FIXED-LENGTH DATA ELEMENTS--GENERAL INFORMATION | |
| fixed length control field | 50131s9999||||xx ||| | || ||und|| |
| 040 ## - CATALOGING SOURCE | |
| Original cataloging agency | IT-RoPAU |
| Transcribing agency | IT-RoPAU |
| 041 ## - LANGUAGE CODE | |
| Language code of text/sound track or separate title | ITALIANO |
| 100 ## - MAIN ENTRY--PERSONAL NAME | |
| Personal name | Monge Attilio |
| Miscellaneous information | Codice regista SPICS: 3643 |
| 9 (RLIN) | 52478 |
| 130 ## - MAIN ENTRY--UNIFORM TITLE | |
| Uniform title | SANTA MESSA E DEDICAZIONE DELL'ALTARE DEL DUOMO DI MILANO |
| 9 (RLIN) | 52479 |
| 245 ## - TITLE STATEMENT | |
| Title | SANTA MESSA E DEDICAZIONE DELL'ALTARE DEL DUOMO DI MILANO |
| Statement of responsibility, etc. | Diretto da: Monge Attilio |
| Name of part/section of a work | SANTA MESSA E DEDICAZIONE DELL'ALTARE DEL DUOMO DI MILANO (Rif. Codice opera principale : 41717) |
| 250 ## - EDITION STATEMENT | |
| Edition statement | Edizione Standard |
| 260 ## - PUBLICATION, DISTRIBUTION, ETC. (IMPRINT) | |
| Place of publication, distribution, etc. | ROMA (ITALIA) |
| Name of publisher, distributor, etc. | RAI - RADIO TELEVISIONE ITALIANA / |
| Date of manufacture | "1986 (1° ed.: 1986 ; Ed. Lingua Orig.: 1986)" |
| 300 ## - PHYSICAL DESCRIPTION | |
| Extent | VHS |
| Other physical details | sonoro, col. |
| 520 ## - SUMMARY, ETC. | |
| Summary, etc. | 6-CENTENARIO-FONDAZIONE-DUOMO-DI-MILANO LITURGIA EUCARISTICA NEL CORSO DELLA QUALE C'E' LA CONSACRAZIONE E LA DEDICAZIONE DELL'ALTARE MAGGIORE DELLA BA PRESIEDE L'EUCARESTIA IL CARDINALE CARLO MARIA MARTINI CON I CARDINALI GIOVANNI COLOMBO ATTORNIATI DAI VESCOVI LOMBARDI ALL'ORGANO IL MAESTRO BENEDETTI |
| 538 ## - SYSTEM DETAILS NOTE | |
| System details note | PAL, STEREO |
| 546 ## - LANGUAGE NOTE | |
| Language note | ITALIANO |
| 650 ## - SUBJECT ADDED ENTRY--TOPICAL TERM | |
| Topical term or geographic name as entry element | RELIGIOSO |
| Relator term | TV-PROGRAMMI RELIGIOSI [VHS] |
| General subdivision | Codice MATERIA SPICS: 9963 |
| 9 (RLIN) | 52480 |
| 700 ## - ADDED ENTRY--PERSONAL NAME | |
| Personal name | Martini Carlo Maria |
| Relator term | (soggetto) |
| Miscellaneous information | Codice Soggetto SPICS: 18349 |
| 9 (RLIN) | 52481 |
| 700 ## - ADDED ENTRY--PERSONAL NAME | |
| Personal name | Monge Attilio |
| Relator term | (regista) |
| Miscellaneous information | Codice regista SPICS: 3643 |
| 9 (RLIN) | 52482 |
| 942 ## - ADDED ENTRY ELEMENTS (KOHA) | |
| Koha item type | VHS - VIDEO |
| Source of classification or shelving scheme | Dewey Decimal Classification |
| Withdrawn status | Lost status | Damaged status | Not for loan | Home library | Current library | Date acquired | Total Checkouts | Full call number | Date last seen | Price effective from | Koha item type | Public note |
|---|---|---|---|---|---|---|---|---|---|---|---|---|
| Buone Condizioni | Not For Loan | SPICS-MEDIATECA | SPICS-MEDIATECA | 31/01/2015 | 41717 | 31/01/2015 | 31/01/2015 | VHS - VIDEO | Progr. Ins.: 2070 / N.Vol.:1 / Copie: 1 / Pag.: / Copia rara: n.d. / date import: 1.2.2015 / By Epidotti, Trombetti, Vaglietti |